War on wheels, (Record no. 552503)
[ view plain ]
| 000 -LEADER | |
|---|---|
| fixed length control field | 00769cam a22001811 4500 |
| 082 ## - DEWEY DECIMAL CLASSIFICATION NUMBER | |
| Classification number | 357.18 |
| Author Mark | KUT |
| 100 1# - MAIN ENTRY--PERSONAL NAME | |
| Personal name | Kutz, Charles Randolph, |
| 9 (RLIN) | 49727 |
| 245 10 - TITLE STATEMENT | |
| Title | War on wheels, |
| Remainder of title | the evolution of an idea |
| Statement of responsibility, etc. | [by] C.R. Kutz. |
| 260 ## - PUBLICATION, DISTRIBUTION, ETC. | |
| Place of publication, distribution, etc. | London, |
| Name of publisher, distributor, etc. | John Lane |
| Date of publication, distribution, etc. | [1941] |
| 300 ## - PHYSICAL DESCRIPTION | |
| Extent | 3 p. l., 9-285 p. |
| Other physical details | illus. (maps) |
| Dimensions | 19 cm. |
| 500 ## - GENERAL NOTE | |
| General note | "First published in America; revised English edition 1941." |
| 500 ## - GENERAL NOTE | |
| General note | "This book is primarily a history of armoured cars ... To a lesser extent it is the story of motor artillery, or motorized infantry, of armoured trains and of the tank."--p. 9. |
| 526 ## - STUDY PROGRAM INFORMATION NOTE | |
| Program name | 0 |
| Interest level | 0 |
| Reading level | 0 |
| Title point value | 357_180000000000000_KUT |
| 650 #0 - SUBJECT ADDED ENTRY--TOPICAL TERM | |
| Topical term or geographic name entry element | MCE |
| 9 (RLIN) | 379 |
| 650 #0 - SUBJECT ADDED ENTRY--TOPICAL TERM | |
| Topical term or geographic name entry element | Mechanization, Military. |
| 9 (RLIN) | 49599 |
| 650 #0 - SUBJECT ADDED ENTRY--TOPICAL TERM | |
| Topical term or geographic name entry element | Tanks (Military science) |
| 9 (RLIN) | 46748 |
| 942 ## - ADDED ENTRY ELEMENTS (KOHA) | |
| Source of classification or shelving scheme | |
| Koha item type | Book |
| Withdrawn status | Lost status | Source of classification or shelving scheme | Damaged status | Not for loan | Permanent Location | Current Location | Shelving location | Date acquired | Total Checkouts | Full call number | Barcode | Date last seen | Price effective from | Koha item type |
|---|---|---|---|---|---|---|---|---|---|---|---|---|---|---|
| Military College of Engineering (MCE) | Military College of Engineering (MCE) | 01/16/2015 | 357.18 KUT | MCE-ECW/100 | 01/16/2015 | 01/16/2015 | Book |
